<The> Reform of Wholesale Payment Systems and its Impact on Financial Markets
Saved in:
| Main Author: | |
|---|---|
| Other Authors: | , |
| Format: | Book |
| Language: | English |
| Published: |
Washington
International Monetary Fund
1996
|
| Edition: | 1. ed. |
| Series: | IMF Working Paper
37 |
| Subjects: | |
| Tags: |
No Tags, Be the first to tag this record!
|
MARC
| LEADER | 00000nam a2200000 4500 | ||
|---|---|---|---|
| 001 | c017413 | ||
| 005 | 20221205125606.7 | ||
| 041 | 0 | |a eng | |
| 044 | |a US | ||
| 245 | 1 | 0 | |a <The> Reform of Wholesale Payment Systems and its Impact on Financial Markets |c David Folkerts-Landau, Peter Garber, Dirk Schoenmaker |
| 250 | |a 1. ed. | ||
| 264 | 1 | |a Washington |b International Monetary Fund |c 1996 | |
| 300 | |a 48 s. | ||
| 490 | 1 | |a IMF Working Paper |v 37 | |
| 830 | 0 | |a IMF Working Paper |v 37 | |
| 610 | 2 | 0 | |a peniaze |
| 610 | 2 | 0 | |a trh kapitálový |
| 610 | 2 | 0 | |a trh finančný |
| 610 | 2 | 0 | |a veľkoobchod |
| 610 | 2 | 0 | |a platby obchodné |
| 610 | 2 | 0 | |a banky centrálne |
| 610 | 2 | 0 | |a jen |
| 610 | 2 | 0 | |a marka |
| 610 | 2 | 0 | |a frank |
| 610 | 2 | 0 | |a reformy |
| 610 | 2 | 0 | |a sústava peňažná |
| 100 | 1 | |a Folkerts-Landau, David | |
| 700 | 1 | |a Garber, Peter | |
| 700 | 1 | |a Schoenmaker, Dirk | |